Les 20 derniers ballon d'or - Statistiques

Statistiques générales
  • Ce quiz a été pris 812 fois
    208 depuis la dernière actualisation
  • Le résultat moyen est 19 sur 20
Statistiques - réponses
Date Nom % Correct
2017 Cristiano Ronaldo
100%
2016 Cristiano Ronaldo
100%
2014 Cristiano Ronaldo
100%
2013 Cristiano Ronaldo
100%
2008 Cristiano Ronaldo
100%
2023 Lionel Messi
100%
2021 Lionel Messi
100%
2019 Lionel Messi
100%
2015 Lionel Messi
100%
2012 Lionel Messi
100%
2011 Lionel Messi
100%
2010 Lionel Messi
100%
2009 Lionel Messi
100%
2025 Ousmane Dembélé
100%
2022 Karim Benzema
96%
2018 Luka Modric
96%
2024 Rodri
93%
2007 Kakà
86%
2005 Ronaldinho
82%
2006 Fabio Cannavaro
73%
Aucun quiz correspondant
Distribution des résultats
% des personnes avec chaque résultat
Percentile par nombre de réponses
Votre historique - résultats
Vous n’avez pas pris ce quiz depuis la dernière actualisation